[Event "4NCL Online Division 4"]
[Site "online"]
[Date "2021.08.24"]
[EventDate "2021.08.24"]
[Round "1.51"]
[White "Bray, David"]
[WhiteElo "2005"]
[WhiteTeam "Braunstone 1"]
[Black "MacLeod, Alasdair"]
[BlackElo "1821"]
[BlackTeam "Deaf England 1"]
[Result "1-0"]
[PlyCount "81"]

1. Nf3 Nf6 2. c4 g6 3. Nc3 Bg7 4. d4 O-O 5. e4 d6 6. Be2 Nbd7 7. O-O e5 8. Be3 c6 9. d5 c5 10. Ne1 Ne8 11. Nd3 f5 12. f4 fxe4 13. Nxe4 Qe7 14. fxe5 Nxe5 15. Bg5 Rxf1+ 16. Qxf1 Qc7 17. Nxe5 Bxe5 18. Nf6+ Bxf6 19. Bxf6 Qf7 20. Bc3 Qxf1+ 21. Rxf1 Bd7 22. g4 Ng7 23. Rf6 Ne8 24. Rf4 Ng7 25. Kf2 Rf8 26. Kg3 Rxf4 27. Kxf4 h6 28. h4 Kf7 29. Bd2 Ne8 30. Bd3 Nf6 31. Be2 Ne8 32. Bc3 Nf6 33. Bf3 Ne8 34. Bd1 Nf6 35. Be2 Ne8 36. Bf3 Nf6 37. g5 Ng8 38. gxh6 Nxh6 39. Kg5 Nf5 40. Bg4 b6 41. h5 1-0

[Event "4NCL Online Division 4"]
[Site "online"]
[Date "2021.08.24"]
[EventDate "2021.08.24"]
[Round "1.52"]
[White "Dwek, Ilan G"]
[WhiteElo "1664"]
[WhiteTeam "Deaf England 1"]
[Black "Tang, Julian"]
[BlackElo "1772"]
[BlackTeam "Braunstone 1"]
[Result "0-1"]
[PlyCount "62"]

1. e4 d5 2. exd5 Nf6 3. Nc3 Nxd5 4. d4 Bf5 5. Bc4 e6 6. Nf3 Be7 7. O-O O-O 8. Re1 Nxc3 9. bxc3 c6 10. Bd3 Bxd3 11. Qxd3 Nd7 12. Bf4 Nb6 13. a4 Nd5 14. Bd2 Bf6 15. Ne5 Bg5 16. c4 Bxd2 17. Qxd2 Nf6 18. Rad1 Qc7 19. h3 Rad8 20. Qb4 Rfe8 21. c3 b6 22. c5 Nd5 23. cxb6 axb6 24. Qc4 Rc8 25. Ra1 f6 26. Nf3 Ra8 27. Qb3 b5 28. axb5 Rxa1 29. Rxa1 cxb5 30. Qxb5 Rb8 31. Qa5 Rb1+ 0-1

[Event "4NCL Online Division 4"]
[Site "online"]
[Date "2021.08.24"]
[EventDate "2021.08.24"]
[Round "1.53"]
[White "Mehta, Sophie"]
[WhiteElo "1344"]
[WhiteTeam "Braunstone 1"]
[Black "Freund, Michael P"]
[BlackElo "1692"]
[BlackTeam "Deaf England 1"]
[Result "1/2-1/2"]
[PlyCount "47"]

1. d4 e6 2. Bf4 d5 3. e3 c6 4. Nf3 Bd6 5. Bg3 Qc7 6. Nbd2 Nd7 7. Be2 Ngf6 8. c3 O-O 9. O-O e5 10. dxe5 Nxe5 11. Nxe5 Bxe5 12. Bxe5 Qxe5 13. Nf3 Qc7 14. Rc1 h6 15. c4 Be6 16. cxd5 Bxd5 17. Nd4 Qd7 18. a3 Rad8 19. Qc2 Be4 20. Qc3 Nd5 21. Qc5 Nb6 22. Qe5 Qd5 23. Qxd5 Bxd5 24. Nf5 1/2-1/2

[Event "4NCL Online Division 4"]
[Site "online"]
[Date "2021.08.24"]
[EventDate "2021.08.24"]
[Round "1.54"]
[White "Gibson, Stephen"]
[WhiteElo "1505"]
[WhiteTeam "Deaf England 1"]
[Black "Mehta, Hatle"]
[BlackElo "1193"]
[BlackTeam "Braunstone 1"]
[Result "1-0"]
[PlyCount "39"]

1. e4 c5 2. d4 cxd4 3. c3 dxc3 4. Nxc3 Nc6 5. Nf3 g6 6. Bc4 Bg7 7. O-O Nf6 8. e5 Ng8 9. Re1 e6 10. Nb5 Nge7 11. Nd6+ Kf8 12. Bf4 Nf5 13. Ne4 h6 14. g4 g5 15. gxf5 gxf4 16. f6 Rg8 17. fxg7+ Rxg7+ 18. Kh1 Qe7 19. Qd2 f5 20. exf6 1-0

[Event "4NCL Online Division 4"]
[Site "online"]
[Date "2021.08.24"]
[EventDate "2021.08.24"]
[Round "1.61"]
[White "Soulier, Alfred"]
[WhiteElo "1698"]
[WhiteTeam "KCS U13A"]
[Black "Medhurst, Brian"]
[BlackElo "1690"]
[BlackTeam "Plymouth 2"]
[Result "1-0"]
[PlyCount "105"]

1. d4 Nf6 2. Nc3 d6 3. e4 g6 4. f4 Bg7 5. Nf3 e6 6. Bd3 Nc6 7. e5 dxe5 8. dxe5 Nd7 9. O-O Nc5 10. Be2 Bd7 11. Be3 Qe7 12. Qe1 Nb4 13. Rc1 O-O-O 14. Qf2 Bf8 15. Ng5 Bc6 16. Bxc5 Qxc5 17. Nxf7 Qxf2+ 18. Kxf2 Bc5+ 19. Kg3 Be3 20. Nxd8 Rxd8 21. Rcd1 Rf8 22. Bd3 h5 23. h4 Nxd3 24. Rxd3 Bc5 25. a3 a6 26. b4 Be7 27. Kh3 g5 28. g3 g4+ 29. Kh2 b6 30. Rfd1 Kb7 31. Ne2 Bf3 32. R1d2 Bc6 33. Nd4 Bd5 34. Rd1 c5 35. bxc5 Bxc5 36. a4 Bc4 37. Rc3 Bd5 38. Rcd3 Rc8 39. Nb3 Bb4 40. Na1 Rc4 41. Rd4 Rxd4 42. Rxd4 Bc3 43. Rd1 Bc6 44. Nb3 Bxa4 45. Rd6 Bc6 46. Rxe6 a5 47. Rd6 a4 48. Nd4 Be4 49. e6 a3 50. e7 a2 51. e8=Q a1=Q 52. Qxe4+ Ka6 53. Qa8# 1-0

[Event "4NCL Online Division 4"]
[Site "online"]
[Date "2021.08.24"]
[EventDate "2021.08.24"]
[Round "1.62"]
[White "Wilby, Robert G"]
[WhiteElo "1675"]
[WhiteTeam "Plymouth 2"]
[Black "Kumar, Sanjit S"]
[BlackElo "1677"]
[BlackTeam "KCS U13A"]
[Result "0-1"]
[PlyCount "96"]

1. d4 d5 2. e3 Nf6 3. Bd3 c5 4. c3 e6 5. f4 Nc6 6. Nf3 Bd6 7. O-O O-O 8. Ne5 Qc7 9. Nd2 b6 10. Rf3 Bb7 11. Rh3 g6 12. Ndf3 Ne7 13. Ng5 Nf5 14. g4 Ng7 15. Rh6 cxd4 16. exd4 Rfe8 17. Qf3 Bf8 18. Rh4 Re7 19. Qh3 h5 20. Bd2 Bc8 21. Rf1 a5 22. Rf2 Ba6 23. Bb1 Bc8 24. Qd3 Nxg4 25. Nxg4 hxg4 26. Nh7 Nh5 27. Rxh5 f5 28. Nxf8 gxh5 29. Ng6 Rg7 30. Ne5 Bd7 31. c4 dxc4 32. Qxc4 Rc8 33. Qb3 a4 34. Qg3 Qd8 35. Qd3 Bc6 36. Nxc6 Rxc6 37. a3 Rd6 38. Bc3 h4 39. Rg2 Rgd7 40. Qc4 Kg7 41. Qxa4 Rd5 42. Ba2 Rxd4 43. Bxd4+ Rxd4 44. Bb3 Rxa4 45. Bxa4 Qd4+ 46. Rf2 g3 47. hxg3 hxg3 48. Kf1 Qxf2# 0-1

[Event "4NCL Online Division 4"]
[Site "online"]
[Date "2021.08.24"]
[EventDate "2021.08.24"]
[Round "1.63"]
[White "Patel, Zain"]
[WhiteElo "1571"]
[WhiteTeam "KCS U13A"]
[Black "Wood, Paul E"]
[BlackElo "1579"]
[BlackTeam "Plymouth 2"]
[Result "0-1"]
[PlyCount "52"]

1. d4 Nf6 2. c4 d5 3. cxd5 Bf5 4. Nc3 Nxd5 5. Bd2 Nf6 6. Nf3 e6 7. e3 Nbd7 8. Bc4 c6 9. O-O Be7 10. Re1 Nb6 11. Bb3 O-O 12. e4 Bg4 13. Be3 Bb4 14. Bg5 Bxf3 15. Qxf3 Qxd4 16. Rad1 Qe5 17. Bf4 Qh5 18. Qg3 Rfe8 19. e5 Nfd5 20. Re4 Bxc3 21. bxc3 Nd7 22. Bc1 Nf8 23. Rdd4 Ng6 24. Bc2 Nde7 25. Rg4 Qxe5 26. Bxg6 Qe1# 0-1

[Event "4NCL Online Division 4"]
[Site "online"]
[Date "2021.08.24"]
[EventDate "2021.08.24"]
[Round "1.64"]
[White "Wright, Andrew D"]
[WhiteElo "1467"]
[WhiteTeam "Plymouth 2"]
[Black "Poghosyan, Jake"]
[BlackElo "1488"]
[BlackTeam "KCS U13A"]
[Result "1-0"]
[PlyCount "83"]

1. e4 c5 2. Nf3 e6 3. b4 cxb4 4. a3 d5 5. e5 Nc6 6. Bb5 Bc5 7. axb4 Bxb4 8. c3 Bc5 9. d4 Bb6 10. Ba3 Ne7 11. O-O O-O 12. Nbd2 Re8 13. Qc2 Nf5 14. Bd3 Bd7 15. Kh1 g6 16. g4 Ng7 17. Rg1 Rc8 18. Nb3 Na5 19. Bb4 Nc4 20. Nc5 Bxc5 21. Bxc5 b6 22. Bxc4 bxc5 23. Ba6 Rc6 24. Bb5 Rb6 25. Bxd7 Qxd7 26. dxc5 Rbb8 27. Nd4 Qc7 28. c6 Re7 29. f4 f5 30. g5 Ne8 31. Rgb1 Qd8 32. Qa4 Rxb1+ 33. Rxb1 Qa8 34. Qb4 Kf7 35. Kg2 a5 36. Qa4 Ng7 37. Rb5 Ra7 38. Kf2 Nh5 39. Ke3 Ng7 40. Rc5 Ne8 41. c7 Nxc7 42. Qd7+ 1-0

[Event "4NCL Online Division 4"]
[Site "online"]
[Date "2021.08.24"]
[EventDate "2021.08.24"]
[Round "1.71"]
[White "Sagade, Nivedita"]
[WhiteElo "1606"]
[WhiteTeam "Uxbridge Cyclones"]
[Black "Pope, Martin"]
[BlackElo "1658"]
[BlackTeam "Camborne Pendarves"]
[Result "1-0"]
[PlyCount "75"]

1. d4 d5 2. c4 c6 3. Nc3 Nf6 4. Nf3 Bf5 5. cxd5 Nxd5 6. Qb3 Bc8 7. e4 Nxc3 8. bxc3 Qb6 9. Qc2 g6 10. Bf4 Bg7 11. Rb1 Qd8 12. Bc4 O-O 13. O-O Nd7 14. h3 Nb6 15. Bb3 h6 16. Ne5 Bxe5 17. Bxe5 Kh7 18. Rbd1 f6 19. Bf4 e6 20. Qc1 g5 21. Bh2 Qe7 22. f4 Bd7 23. Bc2 Kg7 24. Rd3 Rae8 25. Rdf3 c5 26. Qd1 cxd4 27. cxd4 Bb5 28. R1f2 Qd7 29. Rc3 Rc8 30. Rg3 Ba4 31. Bxa4 Qxa4 32. Qxa4 Nxa4 33. Ra3 b5 34. g4 Rfd8 35. Rd2 Rc4 36. Rad3 Nb6 37. Kf2 Rc7 38. fxg5 1-0

[Event "4NCL Online Division 4"]
[Site "online"]
[Date "2021.08.24"]
[EventDate "2021.08.24"]
[Round "1.72"]
[White "Smith, Richard AL"]
[WhiteElo "1698"]
[WhiteTeam "Camborne Pendarves"]
[Black "Foster, Brian E"]
[BlackElo "1574"]
[BlackTeam "Uxbridge Cyclones"]
[Result "1-0"]
[PlyCount "65"]

1. e4 c5 2. Nf3 d6 3. d4 cxd4 4. Nxd4 Nc6 5. Nc3 a6 6. Be3 Bd7 7. Qd2 Nxd4 8. Bxd4 Bc6 9. f3 Nf6 10. g4 h6 11. O-O-O Rc8 12. h4 e5 13. Be3 Be7 14. Bh3 Ra8 15. g5 Rb8 16. gxf6 Bxf6 17. Qxd6 Qxd6 18. Rxd6 Rd8 19. Rxd8+ Kxd8 20. h5 Kc7 21. Rd1 Bg5 22. Bxg5 hxg5 23. Bg4 f6 24. Nd5+ Kd6 25. Nxf6+ Kc7 26. Nd5+ Kb8 27. Ne7 Bb5 28. Rd5 Be8 29. Rxe5 Bxh5 30. Rxg5 Bf7 31. b3 g6 32. Nxg6 Rh4 33. Nxh4 1-0

[Event "4NCL Online Division 4"]
[Site "online"]
[Date "2021.08.24"]
[EventDate "2021.08.24"]
[Round "1.73"]
[White "Rahul Babu"]
[WhiteElo "1501"]
[WhiteTeam "Uxbridge Cyclones"]
[Black "Macphail, Kieran"]
[BlackElo "1675"]
[BlackTeam "Camborne Pendarves"]
[Result "1-0"]
[PlyCount "155"]

1. e4 c5 2. Nf3 Nc6 3. Bb5 g6 4. O-O Bg7 5. Re1 e5 6. d3 Nge7 7. Nc3 O-O 8. Bg5 h6 9. Bxe7 Nxe7 10. Bc4 d6 11. h3 Be6 12. Bxe6 fxe6 13. Qd2 Nc6 14. Ne2 d5 15. Ng3 Rxf3 16. gxf3 Nd4 17. Qd1 Qf6 18. Kg2 Rf8 19. Re3 Nc6 20. c4 d4 21. Re1 Qg5 22. Rh1 Qf4 23. h4 h5 24. a3 Bf6 25. Ne2 Qh6 26. b4 Bxh4 27. Rxh4 Qg5+ 28. Kh3 Rxf3+ 29. Ng3 Rxf2 30. bxc5 Rf4 31. Rxf4 exf4 32. Nh1 Ne5 33. Qg1 Qf6 34. Qxd4 f3 35. c6 bxc6 36. Rb1 Kh7 37. Rb7+ Kh6 38. Qe3+ g5 39. Nf2 Kg6 40. Kg3 h4+ 41. Kh3 g4+ 42. Nxg4 Nxg4 43. Kxg4 f2 44. Rb1 f1=Q 45. Rxf1 Qxf1 46. Qg5+ Kf7 47. Qh5+ Ke7 48. Qxh4+ Kd7 49. Qh7+ Kd6 50. Qxa7 Qg2+ 51. Kh4 Qh2+ 52. Kg5 Qg3+ 53. Kf6 Qf4+ 54. Kg6 Qg4+ 55. Kf7 Qf4+ 56. Kg8 Qg5+ 57. Qg7 Qa5 58. c5+ Kxc5 59. Qe5+ Kb6 60. Qxa5+ Kxa5 61. Kf7 Kb5 62. Kxe6 Kc5 63. Ke5 Kb5 64. Kd4 c5+ 65. Kc3 Kc6 66. Kc4 Kd6 67. a4 Kc6 68. a5 Kd6 69. a6 Kc6 70. a7 Kb7 71. Kxc5 Kxa7 72. e5 Kb7 73. Kd6 Kc8 74. Ke7 Kc7 75. e6 Kc8 76. Kf8 Kd8 77. e7+ Kd7 78. e8=Q+ 1-0

[Event "4NCL Online Division 4"]
[Site "online"]
[Date "2021.08.24"]
[EventDate "2021.08.24"]
[Round "1.81"]
[White "Capes, Ian"]
[WhiteElo "1909"]
[WhiteTeam "Hertford 2"]
[Black "Clynes, Chris"]
[BlackElo "1444"]
[BlackTeam "Bishop Knights"]
[Result "1-0"]
[PlyCount "41"]

1. d4 Nf6 2. Bf4 d5 3. e3 e6 4. Nf3 c5 5. c3 Nc6 6. Bd3 Bd6 7. Bg3 O-O 8. Nbd2 Qc7 9. dxc5 Bxg3 10. hxg3 e5 11. e4 Bg4 12. Qc2 Rad8 13. exd5 e4 14. Nxe4 Ne5 15. Nxf6+ gxf6 16. d6 Qxc5 17. Bxh7+ Kg7 18. Qd2 Nxf3+ 19. gxf3 Rfe8+ 20. Kf1 Qc4+ 21. Kg1 1-0

[Event "4NCL Online Division 4"]
[Site "online"]
[Date "2021.08.24"]
[EventDate "2021.08.24"]
[Round "1.82"]
[White "Brown, Fergus"]
[WhiteElo "1295"]
[WhiteTeam "Bishop Knights"]
[Black "Buswell, A Mark"]
[BlackElo "1761"]
[BlackTeam "Hertford 2"]
[Result "0-1"]
[PlyCount "96"]

1. e4 e5 2. Nf3 Nc6 3. Bc4 Nf6 4. Ng5 d5 5. exd5 Na5 6. Bb5+ c6 7. dxc6 bxc6 8. Be2 h6 9. Nf3 Bd6 10. d4 exd4 11. Nxd4 Qc7 12. Nf3 O-O 13. O-O Be6 14. Bd2 Rad8 15. Qe1 Nb7 16. b4 Rfe8 17. c4 Bxc4 18. Be3 Bxb4 19. Qxb4 Bxe2 20. Re1 Bxf3 21. gxf3 Nd5 22. Qa3 Nxe3 23. fxe3 Qe5 24. Nc3 Rd2 25. f4 Qh5 26. Re2 Rxe2 27. Nxe2 Qxe2 28. Rf1 Qxe3+ 29. Qxe3 Rxe3 30. Rf2 Re7 31. Kg2 Rc7 32. Rc2 c5 33. Kg3 c4 34. h4 Nd6 35. Kg4 c3 36. a4 f5+ 37. Kf3 Ne4 38. a5 Rb7 39. Ke3 Rb2 40. Kd3 Rxc2 41. Kxc2 Kf7 42. Kd3 Kf6 43. a6 g5 44. fxg5+ hxg5 45. h5 g4 46. h6 g3 47. h7 Kg7 48. h8=B+ Kxh8 0-1

[Event "4NCL Online Division 4"]
[Site "online"]
[Date "2021.08.24"]
[EventDate "2021.08.24"]
[Round "1.83"]
[White "Rudd, David R"]
[WhiteElo "1687"]
[WhiteTeam "Hertford 2"]
[Black "Burnett, John"]
[BlackElo "1181"]
[BlackTeam "Bishop Knights"]
[Result "1-0"]
[PlyCount "129"]

1. b4 b6 2. Bb2 Bb7 3. b5 Nf6 4. e3 d5 5. Nf3 Nbd7 6. c4 e6 7. cxd5 Nxd5 8. Be2 f6 9. O-O Rg8 10. d4 a6 11. a4 a5 12. Qb3 c6 13. bxc6 Bxc6 14. Nc3 Qc7 15. Rfc1 Qb7 16. Ba3 Bxa3 17. Qxa3 Nb4 18. Qb3 Nd5 19. Nb5 Ke7 20. Nd2 f5 21. Bf3 N7f6 22. Nc4 Ne4 23. Bxe4 fxe4 24. Ne5 Rgc8 25. Nc4 Rd8 26. Nd2 Nb4 27. Nc3 Rac8 28. Na2 Bd5 29. Qa3 Rxc1+ 30. Nxc1 Ke8 31. Qb2 Nd3 32. Nxd3 exd3 33. Qb5+ Bc6 34. Qxd3 Bxg2 35. Qxh7 Qf7 36. Kxg2 g6 37. Qxf7+ Kxf7 38. Rb1 Rd5 39. Rxb6 Rg5+ 40. Kf1 Rh5 41. Ne4 Rxh2 42. Rb5 Rh1+ 43. Ke2 Rh5 44. Nc5 e5 45. Rxa5 exd4 46. exd4 Rd5 47. Ke3 g5 48. Ke4 Rd8 49. Ra7+ Kg6 50. Ne6 Re8 51. d5 Kf6 52. a5 Rb8 53. Ra6 Rb4+ 54. Nd4+ Kf7 55. Ke5 g4 56. Rb6 Rc4 57. Rb2 Ra4 58. Nc6 Ra3 59. Re2 Rf3 60. a6 g3 61. fxg3 Rxg3 62. a7 Rg5+ 63. Kd4 Rg8 64. Ra2 Rg4+ 65. Kc5 1-0

[Event "4NCL Online Division 4"]
[Site "online"]
[Date "2021.08.24"]
[EventDate "2021.08.24"]
[Round "1.91"]
[White "Morgan, Philip D"]
[WhiteElo "1786"]
[WhiteTeam "Ashfield Anonymous C"]
[Black "Smith, Andrew R"]
[BlackElo "1692"]
[BlackTeam "Morriston Benko"]
[Result "1-0"]
[PlyCount "37"]

1. e4 e5 2. Bc4 Nf6 3. d3 Bc5 4. Nf3 d6 5. O-O Bg4 6. c3 a5 7. a4 O-O 8. Re1 h6 9. Nbd2 Nbd7 10. Nf1 Nb6 11. Bb3 Re8 12. Ng3 c6 13. h3 Bxf3 14. Qxf3 d5 15. Nf5 Kh7 16. Qg3 g5 17. Bxg5 Nh5 18. Bxd8 Nxg3 19. Bxb6 1-0

[Event "4NCL Online Division 4"]
[Site "online"]
[Date "2021.08.24"]
[EventDate "2021.08.24"]
[Round "1.92"]
[White "Williams, Luke"]
[WhiteElo "1658"]
[WhiteTeam "Morriston Benko"]
[Black "Pettinger, Martin"]
[BlackElo "1759"]
[BlackTeam "Ashfield Anonymous C"]
[Result "0-1"]
[PlyCount "38"]

1. e4 c5 2. d4 cxd4 3. c3 dxc3 4. Nxc3 Nc6 5. Bc4 e6 6. Nf3 Bb4 7. Qd2 Nf6 8. O-O Nxe4 9. Qd3 Nf6 10. Bg5 a6 11. a3 Be7 12. Rfe1 O-O 13. Bb3 d6 14. Bc2 g6 15. Bh6 Re8 16. h3 e5 17. Ng5 Bf5 18. Qc4 d5 19. Qb3 Nd4 0-1

[Event "4NCL Online Division 4"]
[Site "online"]
[Date "2021.08.24"]
[EventDate "2021.08.24"]
[Round "1.93"]
[White "Graham, Neil"]
[WhiteElo "1755"]
[WhiteTeam "Ashfield Anonymous C"]
[Black "Salisbury, Philip"]
[BlackElo "1485"]
[BlackTeam "Morriston Benko"]
[Result "0-1"]
[PlyCount "116"]

1. d4 d5 2. e4 dxe4 3. Nc3 Nf6 4. f3 Nc6 5. Bb5 Bd7 6. fxe4 e6 7. Nf3 Bb4 8. Bg5 Bxc3+ 9. bxc3 h6 10. Bxf6 gxf6 11. Qd2 Qe7 12. c4 O-O-O 13. O-O Rdg8 14. Rfe1 e5 15. Bxc6 bxc6 16. Qa5 Bh3 17. g3 Bg4 18. Re3 Bxf3 19. Rxf3 exd4 20. Qf5+ Qe6 21. Qxe6+ fxe6 22. Rxf6 Re8 23. Raf1 e5 24. Rxc6 Rh7 25. Rff6 h5 26. Rce6 Rhe7 27. Rxe7 Rxe7 28. Rf5 Kb7 29. Kf2 Kc6 30. Ke2 Kc5 31. Kd3 Kb4 32. Rf6 a5 33. Ra6 Rf7 34. Re6 Rf3+ 35. Ke2 Re3+ 36. Kf2 Rxe4 37. Rh6 Kxc4 38. Rc6+ Kb4 39. Rxc7 h4 40. Rg7 hxg3+ 41. Rxg3 a4 42. Rd3 Rf4+ 43. Kg3 Rf1 44. h4 Rc1 45. a3+ Kc4 46. Rd2 e4 47. Kf4 Kc3 48. Re2 e3 49. h5 Rxc2 50. Rxc2+ Kxc2 51. h6 e2 52. h7 e1=Q 53. h8=Q Qe3+ 54. Kf5 d3 55. Qc8+ Kd2 56. Qc4 Ke2 57. Qa2+ d2 58. Kf6 Ke1 0-1

[Event "4NCL Online Division 4"]
[Site "online"]
[Date "2021.08.24"]
[EventDate "2021.08.24"]
[Round "1.94"]
[White "Tonks, Brian"]
[WhiteElo "1380"]
[WhiteTeam "Morriston Benko"]
[Black "Wright, Nigel"]
[BlackElo "1679"]
[BlackTeam "Ashfield Anonymous C"]
[Result "1/2-1/2"]
[PlyCount "74"]

1. d4 d6 2. Bf4 c6 3. e3 Nf6 4. Be2 Qc7 5. c3 Bf5 6. Nd2 Nbd7 7. h3 e5 8. Bh2 Be7 9. Ngf3 h6 10. O-O O-O 11. Nb3 Rfe8 12. dxe5 dxe5 13. Nbd4 Be4 14. Nb3 Rad8 15. Bd3 Bxd3 16. Qxd3 Bd6 17. Qc2 e4 18. Bxd6 Qxd6 19. Nfd2 Nb6 20. Rfd1 Qe5 21. Nd4 c5 22. Ne2 Rd6 23. Nb3 Red8 24. Rxd6 Rxd6 25. Rd1 Rxd1+ 26. Qxd1 Kh7 27. Na5 Qe7 28. Nb3 Nc4 29. Qc1 b6 30. Nd2 Qe6 31. b3 Nd6 32. Qc2 g6 33. Ng3 Kg7 34. Kf1 Qe5 35. Kg1 Qe6 36. Kf1 Qe5 37. Kg1 Qe6 1/2-1/2

[Event "4NCL Online Division 4"]
[Site "online"]
[Date "2021.08.24"]
[EventDate "2021.08.24"]
[Round "1.101"]
[White "Smith, Mark"]
[WhiteElo "1753"]
[WhiteTeam "Shropshire and Friends 4"]
[Black "Steele, Beatrice"]
[BlackElo "1614"]
[BlackTeam "Cornish Pirates"]
[Result "0-1"]
[PlyCount "76"]

1. e4 d5 2. exd5 Qxd5 3. Nc3 Qa5 4. d4 c6 5. Nf3 Nf6 6. Bd3 Bg4 7. h3 Bh5 8. O-O e6 9. Bd2 Qc7 10. Ne4 Nbd7 11. Ng3 Bg6 12. Qe2 Bxd3 13. Qxd3 Bd6 14. Ne4 Nxe4 15. Qxe4 Nf6 16. Qd3 O-O 17. c4 Bf4 18. Bc3 Rad8 19. g3 Bd6 20. Qe2 c5 21. dxc5 Bxc5 22. b4 Be7 23. Rfd1 b6 24. Nd4 Qb7 25. Qf3 Qxf3 26. Nxf3 Ne4 27. Be1 Bf6 28. Rac1 Bb2 29. Rb1 Bf6 30. Nd2 Nc3 31. c5 Nxb1 32. Rxb1 Rc8 33. cxb6 axb6 34. Ne4 Be7 35. Bc3 Rc4 36. f3 f5 37. Bxg7 Kxg7 38. Ng5 Bxg5 0-1

[Event "4NCL Online Division 4"]
[Site "online"]
[Date "2021.08.24"]
[EventDate "2021.08.24"]
[Round "1.102"]
[White "Jiménez Patiño, Manuel David"]
[WhiteElo "1620"]
[WhiteTeam "Cornish Pirates"]
[Black "Wilkinson, James P"]
[BlackElo "1714"]
[BlackTeam "Shropshire and Friends 4"]
[Result "0-1"]
[PlyCount "76"]

1. c4 Nf6 2. g3 c6 3. Bg2 d5 4. cxd5 cxd5 5. d4 Nc6 6. Nf3 Bf5 7. O-O e6 8. Nc3 Bd6 9. a3 h6 10. b4 Rc8 11. Bb2 O-O 12. e3 Ne4 13. Nxe4 Bxe4 14. Nd2 Bd3 15. Re1 Ne7 16. Rc1 Rxc1 17. Qxc1 Qd7 18. Nb3 Rc8 19. Nc5 Qb5 20. Qd2 Bg6 21. Rc1 b6 22. Nb3 Rxc1+ 23. Qxc1 a5 24. Bf1 Qa4 25. Nd2 axb4 26. axb4 Bxb4 27. Nf3 Nc6 28. Be2 Bc2 29. Ne1 Bxe1 30. Qxe1 b5 31. Qc3 b4 32. Qc5 Qb3 33. Qxc6 Qxb2 34. Qe8+ Kh7 35. Qxf7 Bg6 36. Qxe6 Qxe2 37. Qxd5 Bd3 38. Qb3 Qf1# 0-1

[Event "4NCL Online Division 4"]
[Site "online"]
[Date "2021.08.24"]
[EventDate "2021.08.24"]
[Round "1.103"]
[White "Hilditch-Love, Daniel"]
[WhiteElo "1704"]
[WhiteTeam "Shropshire and Friends 4"]
[Black "Nancarrow, Richard"]
[BlackElo "1499"]
[BlackTeam "Cornish Pirates"]
[Result "1/2-1/2"]
[PlyCount "49"]

1. Nf3 d6 2. b3 Nf6 3. Bb2 Nbd7 4. e3 a6 5. c4 g6 6. Qc2 Bg7 7. d3 O-O 8. Be2 Ne8 9. Nbd2 Bxb2 10. Qxb2 Ndf6 11. h3 c5 12. a3 b5 13. b4 Nd7 14. O-O Nef6 15. a4 bxa4 16. Rxa4 Bb7 17. Rfa1 Rb8 18. d4 cxb4 19. Rxb4 Qc7 20. Bd3 Bc8 21. e4 Rxb4 22. Qxb4 Nb8 23. d5 Nbd7 24. Nb3 Qb6 25. Qxb6 1/2-1/2

[Event "4NCL Online Division 4"]
[Site "online"]
[Date "2021.08.24"]
[EventDate "2021.08.24"]
[Round "1.104"]
[White "Jones, Bryan"]
[WhiteElo "1552"]
[WhiteTeam "Cornish Pirates"]
[Black "Nield, Robert C"]
[BlackElo "1700"]
[BlackTeam "Shropshire and Friends 4"]
[Result "1/2-1/2"]
[PlyCount "80"]

1. d4 Nf6 2. c4 g6 3. Nc3 d5 4. Bf4 Bg7 5. e3 O-O 6. Qb3 c6 7. cxd5 cxd5 8. Bd3 a6 9. Nge2 b5 10. O-O Nc6 11. h3 Na5 12. Qc2 Bb7 13. b3 Rc8 14. Qd2 Nc6 15. Rfc1 e6 16. Rab1 Nd7 17. a4 b4 18. Na2 a5 19. Rc2 e5 20. dxe5 Ndxe5 21. Rbc1 Nxd3 22. Qxd3 Ne5 23. Bxe5 Rxc2 24. Rxc2 Bxe5 25. Nd4 Qd7 26. Nc1 Rc8 27. Rxc8+ Qxc8 28. Qc2 Qxc2 29. Nxc2 Ba6 30. Nd4 Bxd4 31. exd4 f5 32. f3 h5 33. Kf2 Kf7 34. Ke3 g5 35. Nd3 f4+ 36. Kd2 Bxd3 37. Kxd3 Kf6 38. Ke2 Kf5 39. Kf2 g4 40. h4 g3+ 1/2-1/2

[Event "4NCL Online Division 4"]
[Site "online"]
[Date "2021.08.24"]
[EventDate "2021.08.24"]
[Round "1.111"]
[White "Phillips, David"]
[WhiteElo "1376"]
[WhiteTeam "MK Phoenix 3"]
[Black "New, David"]
[BlackElo "1193"]
[BlackTeam "Phones Pals B"]
[Result "0-1"]
[PlyCount "68"]

1. d4 Nf6 2. Nf3 g6 3. Bf4 Bg7 4. e3 O-O 5. Bd3 d6 6. h3 c5 7. O-O cxd4 8. exd4 Qb6 9. b3 Nd5 10. Be3 Nxe3 11. fxe3 Be6 12. Nbd2 d5 13. Rb1 Qc7 14. Qe2 Nc6 15. c3 Qa5 16. Ng5 Qxc3 17. Nxe6 fxe6 18. Rfc1 Qb4 19. Bb5 Rac8 20. Nf3 Qd6 21. Rf1 a6 22. Bxc6 Rxc6 23. Rbc1 Rfc8 24. Rxc6 Rxc6 25. Ng5 Qg3 26. Qg4 Qxe3+ 27. Kh2 Bxd4 28. Qf3 Qxf3 29. Nxf3 Bf6 30. Rf2 e5 31. Kg3 Rc3 32. Kh2 e4 33. Ne1 Be5+ 34. Kg1 Bd4 0-1

[Event "4NCL Online Division 4"]
[Site "online"]
[Date "2021.08.24"]
[EventDate "2021.08.24"]
[Round "1.112"]
[White "Vadalia, Jainill"]
[WhiteElo "1140"]
[WhiteTeam "Phones Pals B"]
[Black "Cox, Lucian"]
[BlackElo "1362"]
[BlackTeam "MK Phoenix 3"]
[Result "0-1"]
[PlyCount "60"]

1. d4 Nf6 2. c4 g6 3. Nc3 Bg7 4. e4 d6 5. Nf3 O-O 6. Be2 e5 7. O-O Nc6 8. d5 Ne7 9. b4 Ne8 10. c5 f5 11. Bc4 Nf6 12. Re1 fxe4 13. Nxe4 Nxe4 14. Rxe4 Bf5 15. Re1 Rc8 16. Bb2 Bg4 17. Re3 Nf5 18. Re4 Bh5 19. g4 Nd4 20. Bxd4 exd4 21. gxh5 Qf6 22. Nxd4 Qxf2+ 23. Kh1 Be5 24. Rxe5 dxe5 25. d6+ Kh8 26. Ne6 Rg8 27. d7 gxh5 28. Qf1 Qh4 29. dxc8=Q Qe4+ 30. Qf3 Qxf3# 0-1

[Event "4NCL Online Division 4"]
[Site "online"]
[Date "2021.08.24"]
[EventDate "2021.08.24"]
[Round "1.113"]
[White "Wayne, Steven"]
[WhiteElo "1189"]
[WhiteTeam "MK Phoenix 3"]
[Black "Lukhi, Neev"]
[BlackElo "970"]
[BlackTeam "Phones Pals B"]
[Result "1/2-1/2"]
[PlyCount "82"]

1. d4 d5 2. c4 e6 3. g3 Nf6 4. Nf3 Nc6 5. Bg2 dxc4 6. Nc3 Bb4 7. O-O O-O 8. a3 Be7 9. Qa4 h6 10. Qxc4 Bd7 11. b4 a6 12. Bb2 b5 13. Qd3 Rb8 14. e4 Nh7 15. Rad1 Ng5 16. d5 Nxf3+ 17. Bxf3 Ne5 18. Qe2 Nxf3+ 19. Qxf3 exd5 20. Nxd5 c6 21. Nxe7+ Qxe7 22. Qc3 f6 23. Rfe1 Rbd8 24. f3 Rc8 25. e5 fxe5 26. Rxe5 Qf7 27. f4 Rfe8 28. Rxe8+ Rxe8 29. Rf1 Bh3 30. Re1 Qa7+ 31. Kh1 Rxe1+ 32. Qxe1 Qf7 33. Qe5 Qd7 34. Bd4 Qd5+ 35. Qxd5+ cxd5 36. Kg1 g6 37. Kf2 h5 38. Kf3 Kf7 39. Ke3 Ke6 40. Be5 Kd7 41. Kd4 Kc6 1/2-1/2

[Event "4NCL Online Division 4"]
[Site "online"]
[Date "2021.08.24"]
[EventDate "2021.08.24"]
[Round "1.114"]
[White "Benson, Alice"]
[WhiteElo "740"]
[WhiteTeam "Phones Pals B"]
[Black "Tierney, John"]
[BlackElo "1167"]
[BlackTeam "MK Phoenix 3"]
[Result "1-0"]
[PlyCount "107"]

1. e4 e5 2. Nf3 Nc6 3. Bc4 Bc5 4. O-O Nf6 5. d3 O-O 6. c3 d6 7. a4 a5 8. h3 h6 9. Re1 d5 10. exd5 Nxd5 11. Nxe5 Be6 12. Nxc6 bxc6 13. Na3 Rb8 14. d4 Ba7 15. Bxd5 cxd5 16. Nb5 Bb6 17. Bf4 Rb7 18. Qc2 Qf6 19. Be5 Qg5 20. Qd3 f6 21. Bg3 Bf5 22. Qe3 Qg6 23. Qe7 Be4 24. Nd6 Rbb8 25. Nxe4 dxe4 26. Qxe4 Qf7 27. Qe6 Kh7 28. Qxf7 Rxf7 29. Rab1 Rb7 30. Re6 g5 31. Rbe1 c5 32. d5 f5 33. d6 f4 34. Bh2 Bd8 35. R1e2 Kg7 36. R6e5 Bf6 37. Rxc5 Kg6 38. Rxa5 Kg7 39. g3 Rb6 40. Rd2 Bd8 41. Rb5 Ra6 42. b3 Raa7 43. gxf4 gxf4 44. Rd4 Bf6 45. Rxf4 Be5 46. Rxf7+ Rxf7 47. Bxe5+ Kg6 48. Rd5 Rd7 49. c4 Kf5 50. a5 Ke6 51. a6 Kf7 52. a7 Rxa7 53. d7 Ra1+ 54. Bxa1 1-0